| 000 | 03072nam a2200553Ii 4500 | ||
|---|---|---|---|
| 001 | DIGIBE0254 | ||
| 003 | NyNyDIG | ||
| 007 | cr ||||||||||| | ||
| 008 | 180105s2011 sp ob 001 0 eng d | ||
| 006 | m o d | ||
| 035 | _a(OCoLC)954007390 | ||
| 040 |
_aDGITA _beng _erda _epn _cDGITA |
||
| 020 |
_z9788484894810 _q(Iberoamericana) |
||
| 020 |
_z8484894819 _q(Iberoamericana) |
||
| 020 |
_z9781936353026 _q(Iberoamericana Vervuert Publishing) |
||
| 020 |
_z1936353024 _q(Iberoamericana Vervuert Publishing) |
||
| 043 | _as-pe--- | ||
| 050 | 1 | 4 | _aF2510 eBook |
| 100 | 1 |
_aPreuss, Ori, _eauthor. |
|
| 245 | 1 | 0 |
_aBridging the island : _bBrazilians' views of Spanish America and themselves, 1865-1912 / _cOri Preuss. |
| 264 | 1 |
_aMadrid : _bIberoamericana ; _aOrlando : _bIberoamericana Vervuert Publishing ; _aFrankfurt am Main : _bVervuert, _c2011. |
|
| 300 | _a1 online resource. | ||
| 336 |
_atext _btxt _2rdacontent |
||
| 337 |
_acomputer _bc _2rdamedia |
||
| 338 |
_aonline resource _bcr _2rdacarrier |
||
| 490 | 1 |
_aTiempo emulado. _aHistoria de América y España ; _v12 |
|
| 504 | _aIncludes bibliographical references and index. | ||
| 505 | 0 | _aThe island of Brazil and Spanish America : first bridges, 1865-1888 -- The end of slavery and the hopeful beginnings of a Latin American consciousness in Brazil -- The end of the monarchy and the unwelcome Hispano-Americanization of Brazil -- Close encounters of the peripheral kind : Luso-Hispano-American interaction in the Age of Empire and the ideologization of "Latin America" -- Recreating the island, maintaining the bridges : Rio Branco, Spanish America, and the myth of paz e concórdia. | |
| 520 | _aExplores the interplay between Brazilian interpretations of the national Self and the Spanish-American Other during the critical years spanning the demise of slavery and monarchy. | ||
| 588 | 0 | _aOnline resource; title from PDF title page (Digitalia, viewed January 5, 2018) | |
| 650 | 0 |
_aNational characteristics, Brazilian _xHistory _y19th century. |
|
| 650 | 0 |
_aNational characteristics, Brazilian _xHistory _y20th century. |
|
| 650 | 0 |
_aNational characteristics, Latin American _xHistory _y19th century. |
|
| 650 | 0 |
_aNational characteristics, Latin American _xHistory _y20th century. |
|
| 650 | 0 |
_aPublic opinion _zBrazil _xHistory. |
|
| 651 | 0 |
_aBrazil _xRelations _zLatin America. |
|
| 651 | 0 |
_aLatin America _xRelations _zBrazil. |
|
| 651 | 0 |
_aLatin America _xForeign public opinion, Brazilian. |
|
| 651 | 0 |
_aBrazil _xCivilization. |
|
| 651 | 0 |
_aBrazil _xHistory _y1889-1930. |
|
| 655 | 0 | _aElectronic books. | |
| 791 | 2 |
_aDigitalia (Firm), _edistributor. |
|
| 793 | 0 |
_gDigitalia eBook Collection: _aIberoamericana/Vervuert |
|
| 776 | 0 | 8 |
_iPrint version: _aPreuss, Ori. _tBridging the island. _dMadrid : Iberoamericana ; Frankfurt am Main : Vervuert, 2011 _z9788484894810 _w(DLC) 2011000873 _w(OCoLC)698029405 |
| 830 | 0 |
_aTiempo emulado ; _v12. |
|
| 856 | 4 | 0 |
_3Digitalia Hispánica _uhttps://www.digitaliapublishing.com/a/46605/ |
| 910 | _aPremium Collection: 2018 | ||
| 942 | _cRAA | ||
| 999 |
_c249807 _d249807 |
||